| 000 | 00000nam##2200000za#4500 |
| 001 | 9.687213 |
| 003 | CaOODSP |
| 005 | 20210624230857 |
| 007 | cr ||||||||||| |
| 008 | 150407|2004||||xxc|||||o f|0| 0 eng|d |
| 020 | |a0-662-38616-7 |
| 040 | |aCaOODSP|beng |
| 043 | |an-cn--- |
| 086 | 1 |aH39-4/57-2003-1E-PDF |
| 110 | 2 |aPublic Health Agency of Canada. |
| 245 | 10|aEvaluation of food fortification with folic acid for the primary prevention of neural tube defects, 1997 to 2003 - executive summary |h[electronic resource] |
| 260 | |aOttawa - Ontario : |bPublic Health Agency of Canada |c[2004?]. |
| 300 | |a17p.|bcoloured figs., references, tables |
| 590 | |a13-11-Supp|b2013-04-26 |
| 775 | 08|tÉvaluation de la fortification en acide folique des produits alimentaires pour la prévention primaire des anomalies du tube neural, 1997–2003 - sommaire |w(CaOODSP)9.631674 |
| 856 | 40|ahttp://publications.gc.ca|qPDF|s427 KB|uhttps://publications.gc.ca/collections/collection_2013/aspc-phac/H39-457-2003-1-eng.pdf |